000 00474nam a22001457a 4500
020 _a0080259669
082 _a363.62 SMA
100 _aSmall hydroelectric projects for rural development planning and management
_94566
245 _aSmall hydroelectric projects for rural development planning and management
260 _aNew York
_bPergman Press
_c1981
300 _axiv,200p.
_bill:,23cm.
500 _ainclude index
650 _aRural erectrification
_94567
942 _cBK
999 _c18255
_d18255